[Event "TUR-chT 1st League"]
[Site "Konya"]
[Date "2019.07.24"]
[Round "4.2"]
[White "Guncan, Berke"]
[Black "Aydincelebi, Kagan"]
[Result "0-1"]
[WhiteElo "1956"]
[BlackElo "2300"]
[PlyCount "70"]
[EventDate "2019.07.22"]
[EventType "team-swiss"]
[EventRounds "9"]
[EventCountry "TUR"]
[SourceTitle "CBM 191 Extra"]
[Source "ChessBase"]
[SourceDate "2019.09.30"]
[SourceVersion "1"]
[SourceVersionDate "2019.09.30"]
[SourceQuality "1"]
[WhiteTeam "Varyant Genclik"]
[BlackTeam "Bayegan Pendik"]
[WhiteTeamCountry "TUR"]
[BlackTeamCountry "TUR"]

1. e4 c5 2. Ne2 d6 3. c4 e5 4. d3 Nc6 5. g3 g6 6. Bg2 Bg7 7. 0-0 h5 8. h4 Nh6 9. Nbc3 Be6 10. Nd5 0-0 11. Bd2 f6 12. Qc1 Nf7 13. f4 Bg4 14. Bf3 Bxf3 15. Rxf3 exf4 16. gxf4 f5 17. Rg3 Kh7 18. exf5 gxf5 19. Bc3 Rg8 20. Bxg7 Rxg7 21. Rxg7+ Kxg7 22. Qc3+ Kg6 23. Kg2 Nh6 24. Kh3 Ng4 25. Re1 Qf8 26. Ng1 Nd4 27. Re7 Re8 28. Rxb7 Kh6 29. Qa5 Qg8 30. Qc7 Nf2+ 31. Kh2 Ng4+ 32. Kh3 Nf6 33. Qxd6 Qg4+ 34. Kh2 Nf3+ 35. Nxf3 Re2+ 0-1

[Event "Izmir op 17th"]
[Site "Izmir"]
[Date "2018.09.13"]
[Round "8"]
[White "Isik, Alparslan"]
[Black "Guncan, Berke"]
[Result "1/2-1/2"]
[WhiteElo "2210"]
[BlackElo "1946"]
[PlyCount "37"]
[EventDate "2018.09.09"]
[EventType "swiss"]
[EventRounds "9"]
[EventCountry "TUR"]
[SourceTitle "CBM 186 Extra"]
[Source "ChessBase"]
[SourceDate "2018.08.24"]
[SourceVersion "1"]
[SourceVersionDate "2018.08.24"]
[SourceQuality "1"]

1. d4 Nf6 2. c4 e6 3. Nf3 b6 4. g3 Bb7 5. Bg2 Be7 6. 0-0 0-0 7. Re1 d5 8. cxd5 exd5 9. Nc3 Nbd7 10. Bf4 c5 11. Rc1 Ne4 12. dxc5 Ndxc5 13. Nd4 Bf6 14. Bh3 Bc8 15. Bg2 Bb7 16. Nxe4 dxe4 17. Nf5 Bxb2 18. Rb1 Bc3 19. Qxd8 1/2-1/2

[Event "TUR-chT 1st League"]
[Site "Konya"]
[Date "2017.07.21"]
[Round "7.3"]
[White "Guncan, Berke"]
[Black "Kilic, Efe Mert"]
[Result "0-1"]
[WhiteElo "2043"]
[BlackElo "2287"]
[PlyCount "96"]
[EventDate "2017.07.17"]
[EventType "team-swiss"]
[EventRounds "9"]
[EventCountry "TUR"]
[SourceTitle "CBM 179 Extra"]
[Source "ChessBase"]
[SourceDate "2017.08.23"]
[SourceVersion "1"]
[SourceVersionDate "2017.08.23"]
[SourceQuality "1"]
[WhiteTeam "Denizli Metin Surmeli"]
[BlackTeam "Istanbul Darussafaka"]
[WhiteTeamCountry "TUR"]
[BlackTeamCountry "TUR"]

1. e4 e5 2. Nf3 Nc6 3. Nc3 Nf6 4. Bb5 Bb4 5. 0-0 0-0 6. d3 Bxc3 7. bxc3 d6 8. Bg5 Qe7 9. Re1 Bg4 10. h3 Bxf3 11. Qxf3 Nd8 12. d4 Ne6 13. Be3 c5 14. dxe5 dxe5 15. Bc4 Nc7 16. Bg5 b5 17. Bd5 Ncxd5 18. exd5 Rad8 19. Rad1 Rfe8 20. Re4 Qd6 21. Bxf6 Qxf6 22. Qxf6 gxf6 23. c4 b4 24. f4 exf4 25. Rxe8+ Rxe8 26. Kf2 Kf8 27. d6 Rd8 28. Kf3 Ke8 29. Ke4 Kd7 30. Kd5 Rg8 31. Kxc5 Rxg2 32. Kxb4 Rxc2 33. a4 f3 34. c5 a6 35. Rf1 f2 36. Rd1 Rd2 37. Rf1 Kc6 38. Kc3 Rd5 39. Rxf2 Rxc5+ 40. Kb3 f5 41. Rd2 Kd7 42. Kb4 Re5 43. Rg2 f4 44. Kc3 f3 45. Rf2 Rf5 46. Kd3 Kxd6 47. Ke4 Ke6 48. Kd4 Rc5 0-1

[Event "TUR-chT 1st League"]
[Site "Konya"]
[Date "2017.07.19"]
[Round "4.3"]
[White "Karacan, Canberk"]
[Black "Guncan, Berke"]
[Result "1/2-1/2"]
[WhiteElo "2009"]
[BlackElo "2043"]
[PlyCount "70"]
[EventDate "2017.07.17"]
[EventType "team-swiss"]
[EventRounds "9"]
[EventCountry "TUR"]
[SourceTitle "CBM 179 Extra"]
[Source "ChessBase"]
[SourceDate "2017.08.23"]
[SourceVersion "1"]
[SourceVersionDate "2017.08.23"]
[SourceQuality "1"]
[WhiteTeam "Bursa Buyuksehir"]
[BlackTeam "Denizli Metin Surmeli"]
[WhiteTeamCountry "TUR"]
[BlackTeamCountry "TUR"]

1. e4 c5 2. Nf3 g6 3. d4 cxd4 4. Nxd4 Nc6 5. c4 Nf6 6. Nc3 Nxd4 7. Qxd4 d6 8. Be2 Bg7 9. Be3 0-0 10. Qd2 a5 11. f3 a4 12. 0-0 Qa5 13. Rac1 Be6 14. Nd5 Qxd2 15. Nxe7+ Kh8 16. Bxd2 Rfe8 17. Nd5 Nxd5 18. cxd5 Bxd5 19. Bb5 Re5 20. Bxa4 Bxa2 21. b3 Rc5 22. Be3 b5 23. Bxc5 bxa4 24. Bxd6 axb3 25. e5 b2 26. Rcd1 Bh6 27. e6 fxe6 28. Be5+ Bg7 29. Bxg7+ Kxg7 30. Rd7+ Kf6 31. Rb7 b1Q 32. Rfxb1 Bxb1 33. Rxb1 Ra2 34. Rb4 g5 35. h3 Ke5 1/2-1/2

[Event "Corum op"]
[Site "Corum"]
[Date "2016.05.26"]
[Round "6"]
[White "Ozalp, Burak"]
[Black "Guncan, Berke"]
[Result "1-0"]
[WhiteElo "2141"]
[BlackElo "1804"]
[PlyCount "115"]
[EventDate "2016.05.23"]
[EventType "swiss"]
[EventRounds "9"]
[EventCountry "TUR"]
[SourceTitle "CBM 172 Extra"]
[Source "ChessBase"]
[SourceDate "2016.06.21"]
[SourceVersion "1"]
[SourceVersionDate "2016.06.21"]
[SourceQuality "1"]

1. d4 Nf6 2. Nc3 e6 3. e4 d5 4. Bg5 Be7 5. e5 Nfd7 6. h4 a6 7. Qg4 Bxg5 8. hxg5 g6 9. Nf3 c5 10. dxc5 Nxc5 11. 0-0-0 Nc6 12. Qf4 b5 13. Kb1 Bb7 14. Nd4 Nxd4 15. Rxd4 Qe7 16. Be2 Bc6 17. Rh3 Nd7 18. Nd1 Nb6 19. Ne3 Nc4 20. Bxc4 bxc4 21. Ng4 Qb4 22. c3 Qe7 23. Qf6 Qxf6 24. Nxf6+ Ke7 25. f3 Rab8 26. Kc1 Rb6 27. g3 Rhb8 28. Rh2 a5 29. Ng4 Ba4 30. Nh6 R6b7 31. Rf4 Be8 32. Ng8+ Kd7 33. Nf6+ Ke7 34. Nxh7 Bc6 35. Nf6 d4 36. Rxd4 Bxf3 37. Rhd2 Rc7 38. Rd7+ Rxd7 39. Rxd7+ Kf8 40. b4 axb4 41. cxb4 Kg7 42. b5 Ra8 43. a4 Rxa4 44. Rd8 Ra8 45. Rxa8 Bxa8 46. b6 Kf8 47. Nd7+ Ke7 48. Nc5 Kd8 49. b7 Bxb7 50. Nxb7+ Kc7 51. Nd6 Kc6 52. Kc2 Kd5 53. Nxf7 Ke4 54. Kc3 Kf3 55. Kxc4 Kxg3 56. Kc5 Kf4 57. Kd6 Kf5 58. Ke7 1-0

[Event "Corum op"]
[Site "Corum"]
[Date "2016.05.24"]
[Round "2"]
[White "Gokbulut, Julia"]
[Black "Guncan, Berke"]
[Result "1-0"]
[WhiteElo "1973"]
[BlackElo "1804"]
[PlyCount "97"]
[EventDate "2016.05.23"]
[EventType "swiss"]
[EventRounds "9"]
[EventCountry "TUR"]
[SourceTitle "CBM 172 Extra"]
[Source "ChessBase"]
[SourceDate "2016.06.21"]
[SourceVersion "1"]
[SourceVersionDate "2016.06.21"]
[SourceQuality "1"]

1. d4 d6 2. c4 g6 3. Nc3 Bg7 4. e4 Nc6 5. Be3 e5 6. d5 Nd4 7. Nge2 Nxe2 8. Bxe2 Ne7 9. c5 f5 10. cxd6 cxd6 11. Bb5+ Bd7 12. Qa4 a6 13. Bxd7+ Qxd7 14. Qxd7+ Kxd7 15. Na4 Nc8 16. f3 b5 17. Nc3 Ne7 18. Ke2 Rac8 19. Kd3 h6 20. Rhc1 Rb8 21. b4 fxe4+ 22. fxe4 Bf6 23. a4 Bg5 24. axb5 axb5 25. Ra7+ Ke8 26. Nxb5 Rxb5 27. Bxg5 Rh7 28. Bxe7 Rxe7 29. Rc8+ Kf7 30. Rcc7 Rxc7 31. Rxc7+ Kf6 32. Kc4 Rb8 33. b5 Kg5 34. Rc6 Rd8 35. b6 Kf4 36. Kd3 g5 37. Rc7 Rb8 38. Rf7+ Kg4 39. b7 h5 40. Kc4 h4 41. Kb5 h3 42. gxh3+ Kxh3 43. Rh7+ Kg4 44. Kc6 Kf4 45. Kc7 Rf8 46. Kxd6 Kxe4 47. Re7 Rd8+ 48. Kc7 Rf8 49. d6 1-0

[Event "EU-ch U12 23rd"]
[Site "Budva"]
[Date "2013.10.06"]
[Round "7"]
[White "Guncan, Berke"]
[Black "Ciorica, Mihai Vlad"]
[Result "1/2-1/2"]
[WhiteElo "1713"]
[BlackElo "1906"]
[PlyCount "51"]
[EventDate "2013.09.29"]
[EventType "swiss"]
[EventRounds "9"]
[EventCountry "MNE"]
[SourceTitle "EXT 2014"]
[Source "ChessBase"]
[SourceDate "2013.11.20"]
[SourceVersion "1"]
[SourceVersionDate "2013.11.20"]
[SourceQuality "1"]

1. e4 c5 2. Ne2 e6 3. c4 Nc6 4. Nbc3 Nf6 5. d4 cxd4 6. Nxd4 Bb4 7. Nxc6 bxc6 8. Bd3 Qc7 9. 0-0 0-0 10. f4 d5 11. cxd5 cxd5 12. e5 Nd7 13. Qc2 g6 14. Be3 Bxc3 15. Qxc3 Qxc3 16. bxc3 Nb6 17. Bc5 Rd8 18. Bd6 Bb7 19. Rab1 Rac8 20. Rfc1 Rd7 21. Rb4 h5 22. Bb5 Bc6 23. Ba6 Bb7 24. Bb5 Bc6 25. Ba6 Bb7 26. Bb5 1/2-1/2